000 01907nam0a22003011 4500
001 RU\NLR\INFOCOMM_253\5000054805
005 20250613101556.0
035 _a(NLR Aleph) 009383759
090 _a7998981
_c7998981
100 _a20101228d1979 |||y0rusy50 ca
101 0 _aeng
102 _aRU
105 _aa ||||000|y
200 1 _aPrecambrian iron ore deposits of the USSR
_fV. M. Grigoriev
_gUN. Centre for natural resources, energy a. transport, State comm. for external econ. relation (GKES), USSR Acad. of sciences. Intern. geol. correlation progr. (ISCP). The Precambrian metallogeny project, Inst. of lithosphere, Interreg. seminar of the development potential of Precambrian mineral deposits, 1-15 Aug., Moscow
210 _aМосква
_cИн-т литосферы АН СССР
_d1979
215 _a16 с.
_cил.
_d21 см
300 _aНа вкладке: Железорудные месторождения СССР / В. М. Григорьев. Геохимические методы поисков и оценки месторождений полезных ископаемых / С. В. Григорян
320 _aБиблиогр.: с. 16
423 0 _12001#$aGeochemical exploration and estimation methods for Precambrian mineral deposits$fS. V. Grigorian
_1700#1$9z01790$aGrigorjan$bS. V.$gSergej Vagaršakovič$4070
_1790#1$9z01700$aGrigorian$bS. V.$4070
_tGeochemical exploration and estimation methods for Precambrian mineral deposits
_aGrigorjan, Sergej Vagaršakovič
686 _aД451.21-09(г)
_2rubbk
700 1 _9z01790
_aGrigor'ev
_bV. M.
_gValentin Michajlovič
_4070
712 0 2 _aUnited Nations
_bInterregional seminar of the development potential of Precambrian mineral deposits
_eMoscow
_f1979
_4570
790 1 _9z01700
_aGrigoriev
_bV. M.
_4070
801 1 _aRU
_bNLR
_c20101228
801 0 _aRU
_bNLR
_gPSBO
852 _aNLR
_jГн01 Д-4/197
942 _cBOOK
980 _aNB